000 00306nam a2200121Ia 4500
008 240624s9999 xx 000 0 und d
041 _aeng
082 _a333.6092 BUF
100 _aBUFFETT MARY
245 _aTAO OF WARREN BUFFETT
260 _c2006
_aNew York
_bScribner
300 _axiv, : 174 : p. : cm. ; 20
999 _c9530
_d9530